Sports Quiz

Random Sports Quiz
Score 0/50 Timer 06:00
0 Plays Today
Season Player % Correct
2014-15Matty Taylor
90.6%
2015-16Matty Taylor
90.6%
2016-17Matty Taylor
90.6%
2008-09Rickie Lambert
90.3%
2007-08Rickie Lambert
90.3%
2006-07Richard Walker
80.1%
2005-06Richard Walker
80.1%
1999-00 (joint)Jason Roberts
79.2%
1999-00 (joint)Jamie Cureton
77.1%
1998-99Jamie Cureton
77.1%
2001-02Nathan Ellington
69.5%
2000-01Nathan Ellington
69.5%
1991-92 (joint)Devon White
65.1%
1997-98Barry Hayles
63.3%
2004-05Junior Agogo
62.8%
1995-96Marcus Stewart
61.3%
1993-94John Taylor
59.8%
1992-93John Taylor
59.8%
1975-76Bruce Bannister
58.4%
1972-73Bruce Bannister
58.4%
1971-72Bruce Bannister
58.4%
1976-77Alan Warboys
58.1%
1974-75Alan Warboys
58.1%
1973-74Alan Warboys
58.1%
2009-10Jo Kuffour
50.4%
Season Player % Correct
1988-89Gary Penrice
49%
1987-88Gary Penrice
49%
1991-92 (joint)Carl Saunders
47.8%
1990-91Carl Saunders
47.8%
2010-11Will Hoskins
44.5%
2013-14John-Joe O'Toole
43.8%
2011-12Matt Harrold
43%
1996-97Peter Beadle
40.8%
2003-04Paul Tait
39.6%
1984-85Paul Randall
39.3%
1982-83Paul Randall
39.3%
1981-82Paul Randall
39.3%
1978-79Paul Randall
39.3%
1977-78Paul Randall
39.3%
1989-90David Mehew
33.7%
1986-87David Mehew
33.7%
2002-03Giuliano Grazioli
32%
1994-95Paul Miller
27.3%
1983-84Archie Stephens
21.1%
1980-81 (joint)Gary Mabbutt
14.1%
1985-86Trevor Morgan
10.3%
2012-13Tom Eaves
10.2%
1970-71Robin Stubbs
9.4%
1979-80Stewart Barrowclough
7.6%
1980-81 (joint)Aidan McCaffrey
5.6%
Come Together.
Have Fun.
All Virtual.
We all need to come together. Play Sporcle's virtual live trivia to have fun, connect with people, and get your trivia on. Join a live hosted trivia game for your favorite pub trivia experience done virtually. If a virtual private party is more your thing, go here for details.

You're not logged in!

Compare scores with friends on all Sporcle quizzes.
OR
Log In

Sporcle TV

Today on Sporcle TV


Watch our educational content, quiz creation guides, and fun videos on Sporcle TV.

Show Comments

Extras

Top Quizzes Today


Score Distribution

Paid Content

Your Account Isn't Verified!

In order to create a playlist on Sporcle, you need to verify the email address you used during registration. Go to your Sporcle Settings to finish the process.

Report this User

Report this user for behavior that violates our Community Guidelines.

Details: